Dictionary Of Environment (Record no. 11255)

MARC details
000 -LEADER
fixed length control field 00256nam a2200109 4500
082 ## - DEWEY DECIMAL CLASSIFICATION NUMBER
Classification number 628.03BEL
100 ## - MAIN ENTRY--AUTHOR NAME
Personal name Bellamy, Patrick
245 ## - TITLE STATEMENT
Title Dictionary Of Environment
260 ## - PUBLICATION, DISTRIBUTION, ETC. (IMPRINT)
Place of publication New Delhi:
Name of publisher Academic Publishers,
Year of publication 2007.
300 ## - PHYSICAL DESCRIPTION
Number of Pages 483p. ;
942 ## - ADDED ENTRY ELEMENTS (KOHA)
Koha item type Books
Holdings
Withdrawn status Lost status Home library Current library Date acquired Cost, normal purchase price Full call number Accession Number Koha item type
    Central Library, QUEST, Nawabshah Seminar Library, Energy & Environ. Engg. 29/10/2014 243.00 628.03BEL 35158 Books